03011 2200181 4500001002100000005001500021035002000036008003900056245016300095100002400258260006100282300002400343084001800367520239700385082000802782650001902790990002002809INLIS00000000000508920250731034336 a0010-0725000375250731 | | | 1 aPengaruh Orientasi pasar, Orientasi perwirausahaan dan orientasi strategik terhadap inovasi produk Pada PDAM TIRTA MAHAKAM di tenggarong /cCatur Rohmadhasari aRohmadhasari, Catur aTenggarong :bFEBIS-Universitas Kutai Kartanegara,c2019 a80 hlm. ;c21x30 cm a658 ROH P C.1 aCatur Romadhasari, 2019 Judul Skripsi Pengaruh Orientasi Pasar, Orientasi Kewirausahaan dan Orientasi Strategik terhadap Inovasi Produk Pada PDAM Tirta Mahakam Di Tenggarong, Fakultas Ekonomi dan Bisnis Universitas Kutai Kartanegara bimbingan Bapak Erwinsyah, SE, M.Si dan Flapak Mawardi,SE MM.
Adapun tujuan penelitian ini adalah untuk mengetahui, apakah variabel orientasi pasar, orientasi kewirausahaan dan orientasi strategik apakah berpengaruh simultan terhadap inovasi produk pada PDAM Tirta Mahakam Di tenggarong, untuk mengetahui variabel orientasi pasar, orintasi kewirausahan dan orientasi strategik apakah berpengaruh positif terhadap inovati produk, dan diantara variabel tersebut manakah variabel yang mempunyai pengaruh yang paling dominan terhadap inovasi produk PDAM Tirta Mahakam di Tenggarong.
Alat analisis data yang digunakan untuk mengetahui pengaruh variabel independen orientasi pasar, orientasi kewirausahaan dan orientasi strategik dengan variabel dependen inovasi produk air minum dalam kemasan tuah bumi pada PDAM Tirta Mahakam adalah regresi linear berganda. Teknik signifikan 5% yang berarti akan diadakan pengujian dua sisi atas sampel yang digunakan. Uji takan digunakan untuk membandingkan apakah hasil t hitung lebih besar atau lebih kecil dari t table atau bahkan sebaliknya.
Hasil penelitian Nilai F hitung yang dihasilkan sebesar 24,588 sedangkan F tabel sebesar 0,275. Hal ini berarti F hitung F table artinya dapat dikatakan bahwa variabel orientasi pasar, orientasi kewirausahaan dan orientasi strategik secara bersama-sama mampu menunjukkan pengaruhnya terhadap inovasi produk atau model regresi bisa dipakai untuk memprediksi inovasi produk, sehingga hipotesis pertama diterima dan terbukti kebenarannya.
Hasil penelitian Nilai parsial pada penelitian ini menunjukkan bahwa orientasi pasa, orientasi kewirausahaan dan orientasi strategik mempunyai pengaruh yang simultan, orientasi pasar tidak berpengaruh terhadap inovasi produk dan orientasi kewirausahaan berpengaruh positif terhadap inovasi serta orientasi strategik juga berpengaruh positif terhadap inovasi produk. Selanjutnya terdapat variabel yang berpengaruh dominan terhadap inovasi produk PDAM Tirta Mahakam adalah orientasi strategik. Dengan demikian H, diterima H, ditolak tidak terbukti kebenarannya H, diterima H, diterima dan H, diterima dan terbukti kebenarannya.
 a658 4aManajemen Umum a190813110008351